Maly rocznik statystyczny 1987

Salvato in:
Dettagli Bibliografici
Natura: Libro
Lingua:polacco
Pubblicazione: Warszawa Glówny urzad statystyczny 1987
Edizione:1. wyd.
Tags: Aggiungi Tag
Nessun Tag, puoi essere il primo ad aggiungerne!!

MARC

LEADER 00000nam a2200000 4500
001 c036488
005 20221219123412.2
041 0 |a pol 
044 |a PL 
245 1 0 |a Maly rocznik statystyczny 1987 
250 |a 1. wyd. 
264 1 |a Warszawa  |b Glówny urzad statystyczny  |c 1987 
300 |a 414 s.